| Tag |
First Indicator |
Second Indicator |
Subfields |
| LEADER |
00000cam a2200000La 4500 |
| 001 |
in00001631925 |
| 005 |
20220105105551.0 |
| 006 |
m u |
| 007 |
cr cn- |
| 008 |
010213s1999 inua s 001 0 eng d |
| 010 |
|
|
|z 98086228
|
| 020 |
|
|
|a 0585251282 (electronic bk.) :
|c $16.99
|
| 020 |
|
|
|z 0789718006
|
| 035 |
|
|
|a (OCoLC)ocm45727688
|
| 040 |
|
|
|a N$T
|c N$T
|d OCL
|d UtOrBLW
|
| 043 |
|
|
|a n-us---
|
| 049 |
|
|
|a IKMN
|
| 050 |
1 |
4 |
|a KF6310.Z9
|b K73 1999eb
|
| 082 |
0 |
4 |
|a 343.7305/2044/028553
|2 21
|
| 100 |
1 |
|
|a Kraynak, Joe.
|0 http://id.loc.gov/authorities/names/n90698979
|
| 245 |
1 |
4 |
|a The complete idiot's guide to doing your taxes with TurboTax deluxe /
|c by Joe Kraynak.
|
| 246 |
3 |
|
|a Idiot's guide to doing your 1998 taxes with TurboTax deluxe
|
| 246 |
3 |
|
|a Idiot's guide to doing your taxes with TurboTax deluxe
|
| 246 |
3 |
|
|a Doing your taxes with TurboTax deluxe
|
| 246 |
3 |
|
|a Doing your 1998 taxes with TurboTax deluxe
|
| 264 |
|
1 |
|a Indianapolis, Ind. :
|b Que,
|c [1999]
|
| 264 |
|
4 |
|c ©1999
|
| 300 |
|
|
|a 322 pages :
|b illustrations ;
|c 23 cm.
|
| 336 |
|
|
|a text
|b txt
|2 rdacontent
|
| 337 |
|
|
|a computer
|b c
|2 rdamedia
|
| 338 |
|
|
|a online resource
|b cr
|2 rdacarrier
|
| 500 |
|
|
|a Includes index.
|
| 533 |
|
|
|a Electronic reproduction.
|b Boulder, Colo. :
|c NetLibrary,
|d 2000.
|n Available via World Wide Web.
|n Access may be limited to NetLibrary affiliated libraries.
|
| 500 |
|
|
|a Electronic resource.
|
| 630 |
0 |
0 |
|a TurboTax.
|0 http://id.loc.gov/authorities/names/n90673493
|
| 650 |
|
0 |
|a Tax returns
|z United States
|x Computer programs.
|
| 650 |
|
0 |
|a Income tax
|x Law and legislation
|z United States
|x Computer programs.
|
| 655 |
|
7 |
|a Electronic books.
|2 local
|
| 710 |
2 |
|
|a NetLibrary, Inc.
|0 http://id.loc.gov/authorities/names/no99080690
|
| 776 |
1 |
|
|c Original
|w (DLC) 98086228
|w (OCoLC)40593339
|
| 856 |
4 |
1 |
|u https://proxy.library.tamu.edu/login?url=http://www.netLibrary.com/urlapi.asp?action=summary&v=1&bookid=26916
|z Connect to the full text of this electronic book
|t 0
|
| 994 |
|
|
|a 92
|b IKM
|
| 999 |
|
|
|a MARS
|
| 999 |
f |
f |
|s dd52844e-9afa-3008-9ee0-da10cb3d8000
|i 9ad91c7b-5cf3-3d93-93ff-d50f77b3a713
|t 0
|
| 952 |
f |
f |
|a Texas A&M University
|b College Station
|c Electronic Resources
|d Available Online
|t 0
|e KF6310.Z9 K73 1999eb
|h Library of Congress classification
|
| 998 |
f |
f |
|a KF6310.Z9 K73 1999eb
|t 0
|l Available Online
|